| 000 | 00803nam a2200253 u 4500 | ||
|---|---|---|---|
| 005 | 20250926063902.0 | ||
| 008 | 160907s2011 mx r 000 0 spa d | ||
| 020 | _a9786079046200 | ||
| 035 | _aUPN01000212952 | ||
| 049 | _aCG | ||
| 050 | 4 |
_aLB1050.45 _bG3.3 |
|
| 100 | 1 |
_aGarcía Gutiérrez, Santiago _939690 |
|
| 245 | 1 | 0 |
_aJuegos de lectura analítica : _bpuertas adentro de Godofredo Olivares / _cSantiago García. |
| 260 |
_aMéxico : _bArlequín, _c2011. |
||
| 300 |
_a107, [13 h] p. : _bil., cuadros |
||
| 440 | 0 | _aProlean | |
| 650 | 4 |
_aComprensión lectora _xEstudio y enseñanza (Secundaria) _915823 |
|
| 650 | 4 |
_aLectura crítica _920147 |
|
| 650 | 4 |
_aJuegos educativos _93952 |
|
| 650 | 4 |
_aCuento en la educación _921230 |
|
| 905 | _aLibro | ||
| 999 |
_c185052 _d185052 |
||